Unscramble the letters: Animal edition - Statistics

General Stats
  • This quiz has been taken 51 times
  • The average score is 11 of 15
Answer Stats
Hint Answer % Correct
NDAPA panda
100%
BRABIT rabbit
100%
KLOAA koala
96%
REAB bear
91%
EEPHS sheep
89%
SROHE horse
85%
GRITE tiger
83%
GAELE eagle
70%
OGSEO goose
70%
NIPGUNUE penguin
70%
EMUSO mouse
64%
KYENDO donkey
60%
PHIDNLO dolphin
53%
PLEENTAH elephant
45%
DICOLCOREO crocodile
36%
No matching quizzes found
Score Distribution
Percent of People with Each Score
Percentile by Number Answered
Your Score History
You have not taken this quiz